| 000 | 00350nam a2200133Ia 4500 | ||
|---|---|---|---|
| 005 | 20251222144650.0 | ||
| 008 | 251222s9999||||xx |||||||||||||| ||spa|| | ||
| 020 | _a84-7908-392-1 | ||
| 082 | _a304.8/S38 | ||
| 100 | _aSempere Souvannavong, Juan David | ||
| 245 | 0 | _aLos "Pieds-Noirs" en Alicante: | |
| 264 | _bUniversidad de Alicante | ||
| 942 | _cLIB | ||
| 999 |
_c17042 _d17042 |
||